LIBRARY & INFORMATION CENTRE, KCAET, TAVANUR

ONLINE PUBLIC ACCESS CATALOGUE (OPAC)

Text book of Applied Mechanics / (Record no. 1333)

MARC details
000 -LEADER
fixed length control field 00619cam a2200265ua 4500
041 ## - LANGUAGE CODE
Language code of text/sound track or separate title eng
082 ## - DEWEY DECIMAL CLASSIFICATION NUMBER
Classification number 620.1
Item number PRA/TE
100 ## - MAIN ENTRY--AUTHOR NAME
Personal name Prasad, I.B .
245 ## - TITLE STATEMENT
Title Text book of Applied Mechanics /
250 ## - EDITION STATEMENT
Edition statement 11 /
260 ## - PUBLICATION, DISTRIBUTION, ETC. (IMPRINT)
Place of publication :
Name of publisher Khanna publishers ,
Year of publication 1986.
300 ## - PHYSICAL DESCRIPTION
Number of Pages 916 ; .
942 ## - ADDED ENTRY ELEMENTS (KOHA)
Koha item type Books
Holdings
Withdrawn status Lost status Damaged status Home library Current library Date acquired Full call number Accession Number Koha item type Shelving location
      KAUAET KAUAET 26/03/1986 620.1 15126 Books  
      KAUAET KAUAET 26/03/1986 620.1 15127 Books  
      KAUAET KAUAET 26/03/1986 620.1 15144 Books  
      KAUAET KAUAET 26/03/1986 620.1 15143 Books  
      KAUAET KAUAET 26/03/1986 620.1 15142 Books  
    Damaged KAUAET KAUAET 26/03/1986 620.1 15132 Books Binding Shelf
      KAUAET KAUAET 26/03/1986 620.1 15135 Books  
      KAUAET KAUAET 26/03/1986 620.1 15137 Books  
free website counter